1615 1949 1096 1908 1232 1464 1847 1560 1418 1824 1343 1506 1557 1327 1975 1104 1345 1420 1206 1189 1821 1880 1714 1596 1495 1229 1083 1700 1770 1456 1546 1333 1614 1333 1081 1260 1176 1569 1581 1022 1586 1915 1988 1309 1641 1502 1327 1078 1588 1762 1935 1571 1162 1001 1305 1819 1276 1560 1348 1022 1635 1176 1358 1904 1667 1615 1688 1714 1325 1594 1740 1521 1146 1280 1951 1484 1826 1547 1916 1130 1116 1184 1930 1655 1613 1886 1661 1368 1487 1303 1951 1022 1448 1961 1021 1946 1836 1942 1027 BCNSPRNW ULIB Ver.6.0+V

เปลี่ยนเป็นภาษาไทย

Change to English
 แสดงรายละเอียดบรรณานุกรม
  กลับหน้าหลัก

Brief Record : Get Marc (ISO 2709) : E-mail record : QR code < ปิดหน้าต่าง
LEADER : 00000nam 2200000uu 4500
001    13399121042
003     ULIB
008    121031s2550||||th 000 0 tha d
020    ^a9740939887
050  4 ^aHD53^bอ257ท 2550
100 0  ^aอภิชัย ศรีเมือง
245 10 ^aเทคนิคการจัดกิจกรรมพนักงาน/^cอภิชัย ศรีเมือง
260    ^aกรุงเทพฯ :^bเอช อาร์ เซ็นเตอร์,^c2550
300    ^a200 หน้า :^bภาพประกอบ
650  7 ^aบริหาร
650  7 ^aจัดการพนักงาน
945    ^p190^l0^i18154
995    ^aกัณชพร
999    ^aทศพร เกษรทอง
รายการนี้ยังไม่มีแท็ก
คุณยังไม่ได้ล็อกอิน คุณสามารถมีกิจกรรมร่วมกับเว็บไซต์ได้ แต่ต้องล็อกอินก่อน ::
  ล็อกอิน

รายการสื่อสารสนเทศ

ลำดับที่ ประเภท เลขเรียก/บาร์โค้ด สถานที่ สถานะ
1. วิทยาศาสตร์การแพทย์ และสุขภาพ
วิทยาศาสตร์การแพทย์ และสุขภาพ
HD53 อ257ท 2550  
  Barcode: 18154
ห้องสมุดวิทยาเขตสวรรค์ประชารักษ์
►หนังสือทั่วไป
บนชั้น

รายการใกล้เคียง
    ผู้แต่ง [อภิชัย ศรีเมือง]

    หัวเรื่อง [บริหาร]
    หัวเรื่อง [จัดการพนักงาน]

BibComment


ยังไม่เคยถูกคอมเมนท์

คอมเมนท์ทรัพยากรรายการนี้
  คอมเมนท์: เทคนิคการจัดกิจก..


 Copyright 2026. Bcnsprnw @Library